000
00341nam a22001457a 4500
020
_a
978-94-007-5508-6
041
_a
ENG
100
_a
Benedini.B
245
_a
Water Quality Modelling For Rivers And Streams
260
_a
New work
_b
Springer
_c
1996
300
_a
288
650
_a
SWCE
700
_a
Tsakiris .G
856
_u
SWCE ( 43 )
999
_c
1938
_d
1938